[Event "20th Iraklio Open 2017"]
[Site "Athens"]
[Date "2017.06.17"]
[Round "1"]
[White "Sonis, Francesco"]
[Black "Hrysogelou, Athanasia-Panagiota"]
[Result "1-0"]
[WhiteElo "2450"]
[BlackElo "1878"]
[Annotator "TA"]
[PlyCount "73"]
[EventDate "2017.??.??"]
[EventType "swiss"]
[EventCountry "GRE"]
[SourceTitle "playchess.com"]
[Source "ChessBase"]
[SourceQuality "1"]

{[%evp 21,73,48,45,56,61,54,48,47,60,51,63,64,76,74,78,69,83,70,199,193,181,182,177,173,174,177,179,177,168,140,185,128,135,133,136,105,122,0,127,97,103,91,98,104,141,144,139,131,140,129,153,168,679,672]} 1. Nf3 c5 2. c4 Nc6 3. g3 g6 4. Bg2 Bg7 5. Nc3 Nf6 6. O-O d6 7. d4 cxd4 8. Nxd4 Nxd4 9. Qxd4 O-O 10. Qd3 a6 11. Rd1 Qc7 12. Bg5 {A39: Symmetrical English vs ...g6: 4 Bg2 Bg7 5 Nf3 Nf6 6 0-0 0-0 7 d4} Be6 13. b3 Rac8 14. Rac1 {White is slightly better.} Rfe8 15. Qd2 Ng4 16. h3 Ne5 $146 ({Predecessor:} 16... Nf6 17. Kh2 Qc5 18. Bxf6 Bxf6 19. Ne4 Qh5 20. Nxf6+ exf6 {1-0 (37) Jankovic,A (2444)-Prochaska,J (2184) Oberwart 2004}) 17. Be3 Nd7 18. Nd5 Bxd5 19. Qxd5 {Strongly threatening c5.} Qc6 {[#]} (19... b6 $1 $14) 20. Qd2 $1 $18 Qc7 {[#]} 21. c5 $1 $36 {[%cal Rc5d6][%mdl 2560] White is on the roll.} Qb8 {[%cal Rd7c5]} (21... dxc5 22. Qxd7) 22. cxd6 {Rc7! is the strong threat.} Rxc1 23. Rxc1 {And now Rc7 would win.} exd6 24. Qd5 b6 25. Qc6 Rd8 26. Qc7 (26. Rd1 $18) 26... Nc5 $16 27. Qxb8 Rxb8 28. Rd1 Bf8 29. Rc1 Bg7 30. Bd5 a5 31. Rc2 Kf8 32. a3 {[%cal Ba2a3,Ba3b4][%mdl 32]} Kg8 33. b4 axb4 34. axb4 Ne6 35. Kf1 Kf8 36. Rc6 Bc3 $2 (36... b5 37. Rxd6 Ke7) 37. Rxc3 {Precision: White = 71%, Black = 54%.} 1-0

[Event "20th Iraklio Open 2017"]
[Site "Athens"]
[Date "2017.06.17"]
[Round "1"]
[White "Kotrotsos, Vasilios"]
[Black "Abelakiotis, Stavros"]
[Result "1-0"]
[WhiteElo "2269"]
[BlackElo "1861"]
[Annotator "TA"]
[PlyCount "73"]
[EventDate "2017.??.??"]
[EventType "swiss"]
[EventCountry "GRE"]
[SourceTitle "playchess.com"]
[Source "ChessBase"]
[SourceQuality "1"]

{[%evp 16,73,0,0,64,32,46,19,25,23,66,56,41,0,0,-3,50,42,54,39,43,22,47,34,54,11,12,12,13,19,20,0,20,22,298,0,180,164,212,218,667,635,1452,1427,29989,29990,29990,29991,29991,29992,29994,1253,1277,1260,29986,2031,1016,920,29994,29995]} 1. d4 Nf6 2. c4 e6 3. Nc3 Bb4 4. a3 Bxc3+ 5. bxc3 b6 6. e3 {[%cal Be2e3,Be3e4][%mdl 32]} O-O 7. Bd3 Bb7 8. f3 Nc6 {E28: Nimzo-Indian: Sämisch: 5...0-0 6 e3} (8... c5 9. Ne2 Nc6 10. e4 Ne8 11. O-O Na5 12. f4 f5 13. Ng3 Nd6 14. exf5 exf5 15. dxc5 bxc5 16. Rb1 Qc7 17. Re1 g6 18. Bf1 Rae8 19. Be3 Ndxc4 {0-1 (44) Anton Guijarro,D (2631)-Eljanov,P (2723) Dubai 2014}) 9. e4 {LiveBook: 9 Games} Ba6 (9... d6 $11) 10. Bg5 $146 ({Predecessor:} 10. Qe2 h6 11. Nh3 Na5 12. Rb1 c5 13. d5 Ne8 14. O-O Nd6 15. e5 Ndxc4 {1-0 (32) Megalios,K (2268)-Hiebert,K (1975) Novi Sad 2016}) 10... h6 {White is slightly better.} 11. Bh4 $1 d6 12. Ne2 Na5 13. f4 $1 Bxc4 14. Bxc4 Nxc4 15. Qd3 b5 (15... d5 $11) 16. O-O g5 $1 {[%cal Rg5h4]} 17. fxg5 Nh7 $1 18. g6 Qxh4 19. gxh7+ Kxh7 20. Rf4 Qg5 21. Raf1 {[%cal Ba1f1,Bf1f3,Bf3g3,Bg3f3][%mdl 32]} f6 22. R1f3 e5 $1 {[%cal Re5f4]} 23. h4 $36 {[%mdl 2048] White has the initiative.} Qg6 24. Rg3 Qh5 $2 {[%mdl 8192]} (24... Qf7 $11 {and Black has nothing to worry.} 25. Rfg4 Rg8) 25. Rf5 $2 ({White has to play} 25. Rfg4 $18 {Black must now prevent Qf3.} Qf7 26. Qf3) 25... Qf7 $2 {[#]} (25... Qxh4 $11 {and Black stays safe.} 26. Rh3 Qe1+ 27. Kh2 Rf7) 26. Rgf3 $1 $18 Nxa3 {[#]} 27. Ng3 $1 Qc4 $2 (27... Qa2) 28. Qd2 Qe6 29. Rh5 Kg7 30. Qxh6+ Kf7 31. d5 Qe7 32. Nf5 Qd7 33. Qh7+ (33. Rg3 $142 Qxf5 34. Qg7+ Ke8 35. Rh8 Qf1+ 36. Kxf1 Rxh8 37. Qxh8+ Kf7 38. Rg7#) 33... Ke8 34. Ng7+ Ke7 35. Ne6+ (35. Rg3 $142 Kd8 36. Ne6+ Qxe6 37. dxe6 Kc8 38. Rg7 Kb7 39. Rxc7+ Ka6 40. Rc6+ Ka5 41. Qc7+ Ka4 42. Qxd6) 35... Rf7 36. Qg6 {White wants to mate with Rh7.} Nc4 37. Rh7 {Precision: White = 65%, Black = 27%.} 1-0

[Event "20th Iraklio Open 2017"]
[Site "Athens"]
[Date "2017.06.17"]
[Round "1"]
[White "Skaperdas, Kostantinos"]
[Black "Bardis, Harilaos-Panagiotis"]
[Result "1-0"]
[WhiteElo "2191"]
[BlackElo "1797"]
[Annotator "TA"]
[PlyCount "86"]
[EventDate "2017.??.??"]
[EventType "swiss"]
[EventCountry "GRE"]
[SourceTitle "playchess.com"]
[Source "ChessBase"]
[SourceQuality "1"]

{[%evp 28,86,83,70,79,83,108,89,127,135,148,143,161,161,172,163,166,166,243,249,377,369,365,320,316,279,393,404,387,393,383,352,315,310,455,452,614,608,584,585,575,556,657,654,647,644,802,778,846,779,5427,5347,1758,1598,29981,29980,29985,29986,29990,29991,29996]} 1. e4 e5 2. Nf3 Nc6 3. Bb5 a6 4. Ba4 Nf6 5. O-O b5 6. Bb3 Be7 7. Re1 d6 8. c3 O-O 9. h3 Na5 10. Bc2 c5 11. d4 Qc7 12. d5 c4 13. b4 cxb3 {C97: Closed Ruy Lopez: Chigorin Defence: 11 d4 Qc7, sidelines} 14. axb3 Nb7 (14... Bd7 15. Bd3 Rfb8 16. Re2 Nb7 17. b4 Qc8 18. Rea2 Nd8 19. Ra3 Ne8 20. Nbd2 g6 21. Qe1 {1-0 (49) Gashimov,V (2734)-Inarkiev,E (2669) Astrakhan 2010}) 15. b4 {LiveBook: 8 Games} Bd7 {White is slightly better.} 16. Bd3 a5 17. Bd2 axb4 18. Rxa8 Rxa8 19. cxb4 Ra1 20. Qe2 Qb6 $146 ({Predecessor:} 20... h6 21. Nc3 Rxe1+ 22. Nxe1 {1-0 (50) Yatsenko,N (2015)-Manannikova,L ICCF email 2010}) 21. Nc3 Ra3 22. Rb1 Nh5 (22... g6 $142 23. Qe1 Ne8) 23. Be3 $18 ({But not} 23. Bxb5 $6 Ng3 $16) 23... Nf4 (23... Qd8 $142) 24. Bxb6 Nxe2+ 25. Nxe2 Rxd3 26. Ra1 Bf8 (26... f5 $142 27. Ne1 Rb3) 27. Ra7 Bc8 28. Ra8 Bxh3 29. Rb8 Bg4 30. Ng3 Bxf3 (30... Rb3 {might work better.} 31. Rxb7 Rxb4) 31. gxf3 Rb3 32. Nf5 g6 33. Ne7+ Kg7 34. Nc6 Nc5 35. bxc5 dxc5 36. Kg2 b4 37. Rb7 Rb1 38. Nxe5 Bd6 39. Nxf7 Bf4 40. Bxc5 {[#] Ng5+ would kill now.} b3 41. Bd4+ {White mates.} Kf8 42. Nd8 Ke8 43. Ne6 Bd2 {Precision: White = 88%, Black = 31%.} 1-0

[Event "20th Iraklio Open 2017"]
[Site "Athens"]
[Date "2017.06.17"]
[Round "1"]
[White "Tsiros, Fragkiskos Vlasios"]
[Black "Bourhas, Orfeas"]
[Result "0-1"]
[WhiteElo "2163"]
[BlackElo "1752"]
[Annotator "TA"]
[PlyCount "66"]
[EventDate "2017.??.??"]
[EventType "swiss"]
[EventCountry "GRE"]
[SourceTitle "playchess.com"]
[Source "ChessBase"]
[SourceQuality "1"]

{[%evp 15,66,6,6,17,33,16,50,-41,-34,-41,-36,-35,-37,-35,-35,-79,-74,-74,-72,-78,-70,-95,-92,-106,-94,-141,-129,-142,-139,-167,-176,-414,-416,-407,-381,-388,-346,-348,-333,-409,-369,-362,-373,-492,-485,-608,-571,-645,-641,-617,-601,-940,-758]} 1. d4 Nf6 2. Nf3 d5 3. e3 e6 4. Bd3 c5 5. O-O Nc6 6. b3 cxd4 7. exd4 Bd6 8. Bb2 {D05: Colle System with ...e6} O-O {[%cal Be8g8,Bg8h7,Bh7g6][%mdl 32] LiveBook: 25 Games} 9. Re1 (9. Nbd2 b6 10. Ne5 Bb7 11. a3 Ne7 12. Qe2 Rc8 13. f4 Rc7 14. Rf3 Ng6 15. Raf1 Qe7 16. b4 a5 17. bxa5 bxa5 {½-½ (45) Rotstein,A (2489)-Hera,I (2618) Llucmajor 2017}) 9... Qc7 10. a3 {White is slightly better.} Ng4 {[%cal Rd6h2]} 11. Bxh7+ (11. h3 $14 Bh2+ 12. Kf1) 11... Kxh7 $146 ({Predecessor:} 11... Kh8 12. Ne5 Nh6 13. Bd3 Ne7 14. Qh5 Kg8 15. Re3 f6 16. Ng6 Nxg6 17. Bxg6 f5 18. Nc3 Rf6 19. Rae1 Bxh2+ 20. Kh1 Bf4 21. Nxd5 Qd8 22. Nxf4 {1-0 (22) Spiropoulou,A-Aligeorgiu,K Athens 1997}) 12. Ng5+ Kg6 13. Qxg4 {[%cal Rg5e6] [#] White wants to mate with Nxe6+.} Bxh2+ 14. Kf1 {[%cal Rg5e6] Nxe6+ would kill now.} Qf4 $36 {[%mdl 2048] Black fights for an advantage.} 15. Qxf4 Bxf4 16. Nf3 f6 17. Nc3 Bd7 18. Ne2 Bc7 19. Rad1 Rac8 20. Bc1 Rh8 21. g3 Kf7 22. Nf4 g5 {[%cal Bg7g5,Bg5g4][%mdl 32]} 23. Nd3 $2 (23. Ne2) 23... g4 $19 24. Nh4 Nxd4 25. Nc5 Nxc2 26. Nxd7 Nxe1 27. Rxe1 Bd8 28. b4 b6 29. Bf4 Bc7 {[#] Strongly threatening ...Bxf4.Black is clearly winning.} 30. Bxc7 Rxc7 31. Ne5+ fxe5 32. Rxe5 Rc3 33. Ng2 Kf6 {Precision: White = 28%, Black = 87%.} 0-1

[Event "20th Iraklio Open 2017"]
[Site "Athens"]
[Date "2017.06.17"]
[Round "1"]
[White "Kordis, Konstantinos"]
[Black "Tourkolias, Dimitrios"]
[Result "1-0"]
[WhiteElo "2149"]
[BlackElo "1687"]
[Annotator "TA"]
[PlyCount "79"]
[EventDate "2017.??.??"]
[EventType "swiss"]
[EventCountry "GRE"]
[SourceTitle "playchess.com"]
[Source "ChessBase"]
[SourceQuality "1"]

{[%evp 18,79,25,11,62,40,27,22,38,19,65,77,65,61,66,54,54,49,56,53,72,61,67,58,66,58,77,54,103,103,103,98,255,255,238,231,293,293,293,255,361,343,399,360,2470,2291,12834,12835,12835,12835,12836,12836,12837,12837,12838,12839,12837,12838,12838,12839,12842,12843,12845,12846]} 1. e4 c5 2. Nf3 d6 3. d4 cxd4 4. Nxd4 Nf6 5. Nc3 Nc6 6. Bc4 e6 7. Be3 Be7 8. Qe2 O-O 9. O-O-O Nxd4 10. Bxd4 {LiveBook: 9 Games} Bd7 {B89: Sicilian: Velimirovic Attack} ({Better is} 10... a6 $11) (10... Qa5 11. Nb5 e5 12. Bc3 Qb6 13. Bd2 a6 14. Nc3 Bd7 15. f3 Rac8 16. g4 Be6 17. Bb3 Nd7 18. Nd5 {1-0 (38) Gonzalez Perez,A (2466)-Palacin Martin,R (2148) Cornella 2013}) 11. e5 dxe5 12. Bxe5 Rc8 $146 {The position is equal.} ({Predecessor:} 12... Qc8 13. Nb5 Bxb5 14. Bxb5 a6 15. Bd3 Qc6 16. Kb1 Rad8 17. h4 Rd5 18. c4 {½-½ (26) Vavra,P (2350)-Stocek,J (2210) Luhacovice 1993}) 13. Bb5 {Bxf6 is the strong threat.} Bxb5 14. Qxb5 Qb6 15. Qxb6 axb6 16. Rd3 Rfd8 17. Rhd1 Rxd3 18. Rxd3 Rd8 19. Rxd8+ (19. Bxf6 $5 Bxf6 20. Ne4 $11) 19... Bxd8 $16 {[%mdl 4096] Endgame KBN-KBN} 20. Nb5 Ng4 21. Bg3 h5 22. h3 h4 23. hxg4 {Black must now prevent Bf4.} hxg3 {[#] KB-KN} 24. f3 $1 ({Much weaker is} 24. fxg3 $6 Bg5+ 25. Kb1 Be7 $11) 24... f5 $2 {[#]} (24... Bg5+ $16 {is a better defense.} 25. Kd1 Bf4) 25. gxf5 $1 $18 exf5 26. Nd6 g6 27. Nxb7 Bc7 28. a4 g5 (28... Bf4+ $142 29. Kd1 Kf7) 29. Kd2 f4 30. Ke2 g4 $2 (30... Kf8 31. b4 Kf7) 31. b4 {White is clearly winning.} gxf3+ 32. Kxf3 Kf7 33. a5 bxa5 34. Nxa5 Ke6 35. c4 {[%cal Bc2c4,Bc4c5][%mdl 32]} Ke5 36. Nc6+ Kd6 37. Nd4 Ke5 38. Ne2 Kf5 39. c5 Bb8 40. Nd4+ {Precision: White = 73%, Black = 15%.} 1-0

[Event "20th Iraklio Open 2017"]
[Site "Athens"]
[Date "2017.06.17"]
[Round "1"]
[White "Loutragotis, Paraskevas Pantelei"]
[Black "Nikolaidis, Ioannis"]
[Result "0-1"]
[WhiteElo "1891"]
[BlackElo "2561"]
[Annotator "TA"]
[PlyCount "82"]
[EventDate "2017.??.??"]
[EventType "swiss"]
[EventCountry "GRE"]
[SourceTitle "playchess.com"]
[Source "ChessBase"]
[SourceQuality "1"]

{[%evp 17,82,24,59,22,30,7,6,3,6,-18,-6,-8,7,-4,0,0,6,4,24,14,17,-18,-17,-12,-28,-20,-28,-33,-19,-86,0,-141,-137,-202,-144,-306,-301,-277,-308,-264,-255,-404,-393,-394,-280,-284,-289,-289,-283,-271,-258,-326,-334,-319,-297,-403,-376,-490,-481,-483,-508,-518,-509,-481,-495,-539,-531]} 1. e4 c6 2. d4 d5 3. exd5 cxd5 4. Bd3 Nc6 5. c3 Qc7 6. h3 e6 {B13: Caro-Kann: Exchange Variation and Panov-Botvinnik Attack} 7. Nf3 Bd6 8. O-O Nge7 9. Re1 Bd7 {LiveBook: 7 Games} 10. Na3 $146 {[%cal Bb1a3,Ba3c2,Bc2e3][%mdl 32]} ({Predecessor:} 10. Nbd2 f6 11. c4 O-O 12. a3 a5 13. b3 Kh8 14. Nf1 {0-1 (31) Lindberg,B (2432)-Shimanov,A (2630) Stockholm 2012}) 10... a6 11. Nc2 f6 12. Ne3 O-O 13. Bf1 Kh8 14. c4 dxc4 15. Nxc4 Rad8 16. Bd2 Nf5 17. Rc1 Bf4 ({Much weaker is} 17... Ncxd4 $6 18. Nxd4 Bh2+ 19. Kh1 $16) (17... Be8 {looks sharper.} 18. Rxe6 Bf4 19. Re4 Bxd2 20. Qxd2 Bf7) 18. Bd3 {Threatens to win with Bxf5.} Bxd2 19. Qxd2 (19. Ncxd2 $5 {[%cal Rd3f5]} Be8 20. Rxe6 Nfxd4 21. Nxd4 Rxd4 22. Nb3 $11) 19... Nfxd4 20. Nxd4 Nxd4 21. Bxh7 $1 Bc6 22. Bd3 Qd7 23. Rcd1 (23. Na5 $11 {keeps the balance.}) 23... Qd5 (23... Bf3 $17 {aiming for ...b5.} 24. Rc1 b5) 24. f3 {[#]} (24. f4 $1 $11) 24... Qh5 $1 $17 ({Don't do} 24... Nxf3+ 25. gxf3 Qxf3 26. Re3 $11) 25. Qf2 {[#]} (25. Qf4 $17 {keeps fighting.}) 25... Bxf3 $1 {[%mdl 512]} 26. gxf3 $2 (26. Rc1 $17) 26... Nxf3+ $19 27. Kg2 Nxe1+ 28. Qxe1 Rd4 29. Kh2 (29. Be2 $142 Qd5+ 30. Kg3) 29... Rfd8 30. Be2 Rxd1 31. Qxd1 Rxd1 32. Bxh5 Rc1 33. Ne3 f5 34. Kg3 g5 35. Kf2 Kg7 36. a4 Ra1 37. Be8 Kf8 {Black is clearly winning.} 38. Bd7 Ke7 39. Bc8 Rb1 40. a5 {Now Nc4 and White clings on.} Rxb2+ 41. Kf3 Rb5 {Precision: White = 34%, Black = 80%.} 0-1

[Event "20th Iraklio Open 2017"]
[Site "Athens"]
[Date "2017.06.17"]
[Round "1"]
[White "Koerant, Filipos"]
[Black "Georgiev, Krum"]
[Result "0-1"]
[WhiteElo "1872"]
[BlackElo "2357"]
[Annotator "TA"]
[PlyCount "92"]
[EventDate "2017.??.??"]
[EventType "swiss"]
[EventCountry "GRE"]
[SourceTitle "playchess.com"]
[Source "ChessBase"]
[SourceQuality "1"]

{[%evp 18,92,47,11,24,37,28,40,68,17,22,-46,-24,-23,-18,-113,-97,-110,-97,-89,-31,-63,-60,-62,-58,-58,-58,-47,-63,-81,-81,-81,-83,-87,-84,-91,-66,-74,-47,-101,-70,-97,-85,-79,-44,-112,-118,-181,-185,-261,-266,-436,-368,-418,-418,-412,-398,-351,-333,-241,-244,-280,-298,-753,-750,-894,-887,-5627,-5531,-29972,-29974,-29971,-29973,-29981,-29982,-29990,-29991]} 1. d4 Nf6 2. c4 g6 3. Nc3 Bg7 4. e4 d6 5. f3 O-O 6. Bg5 a6 7. Qd2 c5 8. d5 b5 9. cxb5 Qa5 10. bxa6 {LiveBook: 7 Games. E81: King's Indian: Sämisch: 6th move deviations (including 6 Be3 c6)} (10. a4 Nbd7 11. Nh3 Nb6 12. Nf2 axb5 13. Bxb5 Ba6 14. Bxa6 Rxa6 15. O-O c4 16. Ra2 Rfa8 17. Rfa1 Qb4 18. Be3 Nfd7 19. Bd4 Rxa4 20. Rxa4 Rxa4 21. Rxa4 Nxa4 22. Bxg7 Kxg7 {½-½ (42) Livaic,L (2436)-Martinovic,S (2563) Slovenia 2016}) 10... Nxa6 11. Nge2 Rb8 12. Rc1 $146 {White has an edge.} ({Predecessor:} 12. Rb1 Nc7 13. Nc1 e6 14. Nb3 Qb6 15. dxe6 Bxe6 16. Be2 d5 17. Na4 Qa7 18. Nbxc5 dxe4 {0-1 (40) Smirnov,V-Mochalov,E (2420) Minsk 1988}) 12... Nc7 13. Ng3 (13. b3 $14) 13... e6 $11 14. Bc4 ({Better is} 14. dxe6 $11 Nxe6 15. Be3) 14... exd5 $15 15. exd5 Re8+ 16. Kf2 {[#]} (16. Nge2 $11) 16... Nfxd5 $1 $17 {[%mdl 512] Strongly threatening ...Bd4+.} 17. Rhe1 (17. Nxd5 Rxb2) 17... Bd4+ 18. Kf1 Ba6 ({Black should play} 18... Rxe1+ $17 19. Kxe1 Nb6) 19. Rxe8+ Rxe8 20. Nxd5 Qxd2 21. Bxd2 Bxc4+ 22. Rxc4 Nxd5 23. Ne4 Ra8 ({But not} 23... Bxb2 $6 24. Nxd6 Rd8 25. Nb5 $11) 24. a3 Bxb2 {aiming for ...Ra6.} 25. Nxd6 Bxa3 26. Ke2 Rb8 27. Rc2 Bb4 (27... Rd8 $5 {[%cal Rd8d6]} 28. Nc4 Bb4 $17) 28. Bh6 (28. g4 $15) 28... f5 29. Kf2 Rd8 30. Nc4 Nc3 31. Kg3 ({White should try} 31. Bd2 $15 Nd5 32. g3) 31... Kf7 32. Ne5+ (32. Be3 $17) 32... Ke6 $19 33. f4 (33. h4 $142) 33... Ne4+ 34. Kh4 $2 (34. Kf3) 34... Bc3 35. Nf3 Rd3 36. Ra2 Bf6+ 37. Bg5 Nxg5 38. fxg5 {[%mdl 4096] [#] Endgame And now Ra6+ would win. KRB-KRN} Be7 39. Re2+ Kd6 40. Ne5 $2 (40. Kg3) 40... Rd4+ 41. Kh3 Re4 42. Rxe4 fxe4 43. Nc4+ Kd5 {Black mates.} 44. Nb6+ Kd4 45. Kg4 c4 46. Nc8 Bc5 {Precision: White = 25%, Black = 74%.} 0-1

[Event "20th Iraklio Open 2017"]
[Site "Athens"]
[Date "2017.06.17"]
[Round "1"]
[White "Lagos, Hristos"]
[Black "Spyropoulos, Nikolaos"]
[Result "1/2-1/2"]
[WhiteElo "1847"]
[BlackElo "2229"]
[Annotator "TA"]
[PlyCount "66"]
[EventDate "2017.??.??"]
[EventType "swiss"]
[EventCountry "GRE"]
[SourceTitle "playchess.com"]
[Source "ChessBase"]
[SourceQuality "1"]

{[%evp 23,66,18,31,14,31,23,36,41,33,24,34,34,34,34,34,33,33,34,34,34,34,33,63,51,51,51,51,50,64,68,67,64,66,50,51,45,62,58,71,70,70,53,57,24,31]} 1. e4 e6 2. d4 d5 3. Nd2 c5 4. Ngf3 cxd4 5. exd5 Qxd5 6. Bc4 Qd8 7. O-O Nc6 8. Nb3 a6 9. Nbxd4 Nxd4 10. Qxd4 Qxd4 11. Nxd4 Nf6 12. Bf4 {[%cal Bc1f4,Bf4g3,Bg3d6][%mdl 32]} Bc5 {LiveBook: 10 Games} 13. Rfd1 {C07: French Tarrasch: 3...c5, 4 Ngf3 and 4 exd5 Qxd5} (13. Nb3) 13... O-O (13... b5 $5 {[%cal Rb5c4]} 14. Be2 Bb7 $14) 14. Be2 Nd5 $146 ({Predecessor:} 14... Re8 15. Nb3 Bb6 16. Nd2 e5 17. Bg3 Bf5 18. Nc4 Bc7 19. Ne3 Be4 20. c4 Bb6 {1-0 (92) Perez Calahorra,R (2090)-Aranaz Murillo,A (2319) San Sebastian 2015}) 15. Bg3 {White is slightly better.} b5 16. a4 {[%cal Ba2a4,Ba4a5][%mdl 32]} b4 17. Bf3 Bb7 {[%cal Bc8b7,Bb7c6,Bc6a4][%mdl 32]} 18. Nb3 $1 {[%cal Rb3c5]} Bb6 19. a5 Ba7 20. Bd6 Rfc8 21. Rac1 Bc6 22. Nd4 Ba4 23. Bxd5 (23. Nf5 $5 Rxc2 24. Rxc2 Bxc2 25. Bxd5 exd5 26. Ne7+ Kh8 27. Rxd5 $11) 23... exd5 24. Bxb4 Bxd4 25. Rxd4 Rxc2 26. Rxc2 Bxc2 27. Rxd5 $14 {[%mdl 4096] Endgame KRB-KRB} Ba4 28. Bc5 Re8 {[%cal Re8e1] [#]} 29. h3 (29. f3 {keeps more tension.} Bb5 30. h4 f6 31. b4 Kf7 32. Kh2) 29... h6 30. b4 Bb5 31. Kh2 Kh7 32. Kg3 Re6 33. f4 Rg6+ {Precision: White = 69%, Black = 72%.} 1/2-1/2

[Event "20th Iraklio Open 2017"]
[Site "Athens"]
[Date "2017.06.17"]
[Round "1"]
[White "Nakas, Spyridon"]
[Black "Katopodis, Dimitrios"]
[Result "0-1"]
[WhiteElo "1769"]
[BlackElo "2169"]
[Annotator "TA"]
[PlyCount "82"]
[EventDate "2017.??.??"]
[EventType "swiss"]
[EventCountry "GRE"]
[SourceTitle "playchess.com"]
[Source "ChessBase"]
[SourceQuality "1"]

{[%evp 15,82,0,-12,-99,-94,-126,-123,-122,-123,-108,-113,-108,-103,-93,-88,-111,-107,-208,-41,-54,-37,-30,0,-27,-2,-19,0,-14,31,42,57,58,62,8,15,8,8,6,11,10,29,0,0,0,0,0,0,0,0,0,0,0,0,0,0,-10,-14,-6,-16,-370,-264,-418,-367,-12842,-12842,-12843,-12843,-12844,-12844]} 1. e4 d6 2. Nf3 Nf6 3. Nc3 e5 4. d4 Nbd7 5. Be2 Be7 6. O-O O-O 7. h3 c6 8. Be3 {C41: Philidor Defence} b5 {[%cal Bb7b5,Bb5b4][%mdl 32] LiveBook: 11 Games} (8... Qc7 9. Nd2 Re8 10. f4 exd4 11. Bxd4 b5 12. Bf3 Bb7 13. Qe1 b4 14. Ne2 c5 15. Be3 Bf8 16. Ng3 d5 {0-1 (63) Savchenko,B (2632)-Movsesian,S (2721) Moscow 2010}) 9. d5 (9. dxe5 $11 dxe5 10. a3) 9... b4 $17 10. dxc6 {[#] Strongly threatening Nd5.Black is better.} bxc3 11. cxd7 Bxd7 12. bxc3 Nxe4 13. c4 Qc7 $146 ({Predecessor:} 13... Nc3 14. Qd2 Nxe2+ 15. Qxe2 Qc7 {1-0 (66) Ornolfsson,M (2167)-Sigurjonsson,S (1942) Reykjavik 2015}) 14. Bd3 Nc5 15. Nd2 f5 16. Nb3 (16. f3 $17 {was necessary.}) 16... e4 $2 {[#]} (16... Nxd3 $19 17. cxd3 f4) 17. Be2 $1 $15 Kh8 18. Qd2 Be6 (18... Ne6 $5 {[%cal Rf5f4]} 19. f4 g6 $15) 19. Bf4 Rad8 20. Rad1 Rd7 21. Qe3 Rfd8 22. Rd2 Qb6 23. Rfd1 d5 24. Be5 (24. cxd5 $14 Bxd5 25. Be5) 24... Nxb3 $11 25. Qxb6 axb6 26. axb3 Bc5 27. cxd5 e3 28. Rd3 exf2+ 29. Kf1 $1 Rxd5 30. c4 Rxd3 31. Rxd3 Rxd3 32. Bxd3 {[%mdl 4096] Endgame KBB-KBB} Kg8 33. Bg3 Kf7 34. Bxf2 Kf6 35. b4 Bxf2 36. Kxf2 {KB-KB} Ke5 37. g4 $2 {[%mdl 8192]} (37. Ke3 $11 {and White stays safe.}) 37... Kd4 38. gxf5 (38. Bb1 $142 fxg4 39. c5 bxc5 40. bxc5) 38... Bxc4 $19 39. f6 $2 (39. Bb1 h6 40. Kf3) 39... Kxd3 {Black is clearly winning.} 40. fxg7 Ke4 41. Kg3 Kf5 {Precision: White = 43%, Black = 51%.} 0-1

[Event "20th Iraklio Open 2017"]
[Site "Athens"]
[Date "2017.06.17"]
[Round "1"]
[White "Kouta, Antonia"]
[Black "Ergazakis, Ioannis"]
[Result "1/2-1/2"]
[WhiteElo "1719"]
[BlackElo "2150"]
[Annotator "TA"]
[PlyCount "85"]
[EventDate "2017.??.??"]
[EventType "swiss"]
[EventCountry "GRE"]
[SourceTitle "playchess.com"]
[Source "ChessBase"]
[SourceQuality "1"]

{[%evp 10,85,24,17,39,39,35,32,40,31,39,0,3,13,26,17,46,22,27,-4,109,62,95,0,0,7,0,-5,-4,0,0,0,0,0,5,0,-1,0,10,0,0,0,0,-1,0,-22,0,0,0,-54,0,0,0,0,0,0,0,0,0,0,0,0,0,0,0,0,0,0,0,0,0,0,0,0,0,0,0,0]} 1. e4 c5 2. Nf3 d6 3. Bb5+ Nd7 4. d4 cxd4 5. Qxd4 e5 6. Qd3 h6 {B51: Sicilian: Moscow Variation (3 Bb5+) without 3...Bd7} 7. c4 Ngf6 8. Nc3 a6 {White is slightly better.} 9. Bxd7+ Bxd7 10. b3 Be7 11. O-O O-O (11... b5 $5) 12. Rd1 Bc6 13. Bb2 $146 ({Predecessor:} 13. a4 b5 14. Ba3 bxa4 15. bxa4 {½-½ (32) Ni,H (2633)-Gundavaa,B (2472) Guangzhou 2010}) 13... b5 14. Ba3 {[%cal Ra3d6]} Ne8 (14... bxc4 $11 15. bxc4 Qa5) 15. c5 {[%cal Rc5d6]} Qa5 $1 {[%cal Ra5a3] [#]} 16. cxd6 ({White should play} 16. Bb2 $1 $16) 16... Qxa3 $11 17. dxe7 Qxe7 18. Nd5 Bxd5 $1 19. Qxd5 Nf6 20. Qxe5 Qxe5 21. Nxe5 {Threatening f3.} Rfe8 22. f4 Nxe4 23. Rac1 b4 {[#] aiming for ...Nc3.} 24. Kf1 (24. Rc4 $5 {[%cal Rc4e4]}) 24... Nc3 25. Rd2 Rac8 (25... f6 $5 {[%cal Rf6e5]} 26. Nc4 Kf8 $11) 26. Nc4 Rc5 27. Ne5 Rec8 {And now ...Ne4 would win.} 28. Nc4 Nd5 29. g3 (29. Rd4 $11) 29... g5 (29... Ne3+ $1 $15 30. Kg1 Nxc4) 30. fxg5 {The position is equal.} Ne3+ 31. Ke2 Nxc4 32. Rxc4 Rxc4 33. bxc4 Rxc4 34. gxh6 {[%mdl 4096] Endgame KR-KR} Kh7 35. Kf3 Kxh6 36. Rd6+ Kg5 37. Rxa6 Rc3+ $1 38. Ke4 f5+ 39. Ke5 Rc5+ 40. Kd4 Rc2 41. h4+ Kg4 42. Rg6+ Kf3 43. Rf6 {Precision: White = 35%, Black = 66%.} 1/2-1/2